Historical culture : on the recording of an academic discipline
Αποθηκεύτηκε σε:
| Κύριος συγγραφέας: | |
|---|---|
| Μορφή: | Βιβλίο |
| Γλώσσα: | English |
| Δημοσίευση: |
Berkeley :
University of California Press,
1988
|
| Θέματα: | |
| Ετικέτες: |
Προσθήκη ετικέτας
Δεν υπάρχουν, Καταχωρήστε ετικέτα πρώτοι!
|
MARC
| LEADER | 00000nam a2200000 i 4500 | ||
|---|---|---|---|
| 001 | 1/66328 | ||
| 008 | 931019s eng d | ||
| 020 | |a 0-520-06453-4 | ||
| 035 | |a ΛΕΣΒΟΣb10001708 |l 10001708 | ||
| 040 | |a GR-MY-UA |b gre |e aacr | ||
| 041 | 0 | |a eng | |
| 082 | 0 | |a 907.2 | |
| 100 | 1 | |a Cohen, Sande. | |
| 245 | 1 | 0 | |a Historical culture : |b on the recording of an academic discipline / |c Sande Cohen |
| 260 | |a Berkeley : |b University of California Press, |c 1988 | ||
| 300 | |a 354 p. | ||
| 504 | |a Includes bibliographiacl references and index | ||
| 650 | 0 | 0 | |a Historiography. |
| 650 | 0 | 0 | |a History |x Philosophy. |
| 852 | |a INST |b LESVOS |e 19931019 |h 907.2 COH |p 005100005053 |q 005100005053 |t BK |y 0 | ||
| 909 | |a Λ |b 021055 | ||